| 000 | 03523nab a22006857 4500 | ||
|---|---|---|---|
| 003 | AR-RoUNA | ||
| 022 | _a0327-9022 | ||
| 040 |
_aAR-RoUNA _bspa |
||
| 041 | _aspa | ||
| 044 | _aag | ||
| 245 |
_aSumma+ / _bPATRIMONIO INTERVENIDO |
||
| 260 |
_aBuenos Aires , _c1993 |
||
| 300 |
_a144 p. : _bil. byn. _bplanos _c34 X25 cm. |
||
| 505 | 0 | _tINDICE | |
| 505 | 0 | _tPATRIMONIO INTERVENIDO - Buenos Aires | |
| 505 | 0 | _tNAVES Y BARCOS | |
| 505 | 0 | _aPaulo Gastón Flores / Consolidación, reciclaje y obra nueva del ex Mercado de Pescado / Centro Metropolitano de Diseño, Barracas, 2010. p. 4 | |
| 505 | 0 | _tPATRIMONIO INTERVENIDO - Madrid | |
| 505 | 0 | _tESTÉTICA DE LA RUINA | |
| 505 | 0 | _aArturo Franco / Antiguo Matadero Leagzpi / Nave 88, Paseo de la Chopera 14, 2009. p. 24 | |
| 505 | 0 | _aArturo Franco y Fabrice Van Teslaart / Antiguo Matadero Legazpi / Nave 17C, Paseo de la chopera 14, 2006. p. 28 | |
| 505 | 0 | _tPATRIMONIO INTERVENIDO - Salamanca | |
| 505 | 0 | _tTESORO CONTEMPORÁNEO | |
| 505 | 0 | _aAntón García - Abril / Museo de América, España, 2010. p 36 | |
| 505 | 0 | _tPATRIMONIO INTERVENIDO - Roma | |
| 505 | 0 | _aOdile Decq y Benoit Goenette / Terrotorios sensuales. p. 46 | |
| 505 | 0 | _aOdile Decq & Bendit Cornette arqs, urbanistas / Extensión del Museo de arte contemporáneo de la ciudad de Roma, 2011. p. 46 | |
| 505 | 0 | _aCarlos Edgardo Comas / Reflexiones recientes: reforma, reciclaje, restauración. p. 56 | |
| 505 | 0 | _tPATRIMONIO INTERVENIDO - Buenos Aires | |
| 505 | 0 | _tRECUPERACIÓN INNOVADORA | |
| 505 | 0 | _aEstudio Maliar Bonardo, GHBF Estudio, Patricia Mallar, Bimba Bonardo, Federico Borghini, Hernán Galati / Edificio Insud. p. 62 | |
| 505 | 0 | _tVIENTOS DE CAMBIO | |
| 505 | 0 | _aHampton+Rivoira+arqs. / Edificio Alsina 771, Sede Medanito S.A, Bs As, 2009. p. 74 | |
| 505 | 0 | _aPATRIMONIO INTERVENIDO - Montevideo | |
| 505 | 0 | _tINYECCIÓN DE NUEVOS USOS | |
| 505 | 0 | _aFranceso Comerci / Edificio del Centro de formación de la cooperación española en Montevideo, 2009. p. 82 | |
| 505 | 0 | _tDOBLE ECLECTICISMO | |
| 505 | 0 | _aRafael Lorente, Fernando Giordano / Edificio Oficinas - Plaza Independencia, Uruguay, 2010. p. 90 | |
| 505 | 0 | _tPATRIMONIO INTERVENIDO - Débate | |
| 505 | 0 | _aGuillermina Abeledo / Reciclaje, ciudad y patrimonio: apuntes sobre una discusión. p. 94 | |
| 505 | 0 | _tMIAMI - Un ¨Pato¨en un ¨Galpón¨. p. 102 | |
| 505 | 0 | _aGehry Partners / New World Center / Campus de la New World Symphony, 2011. p. 102 | |
| 505 | 0 | _aEric Goldemberg / La Metamorfosis: el diseño como catalizador. p. 110 | |
| 505 | 0 | _aMonad Studio: Dinámica experimental. p. 118 | |
| 505 | 0 | _aRoberto Behar / Ciudad del mañana. p. 122 | |
| 505 | 0 | _tFRAGMENTOS - Rosario | |
| 505 | 0 | _aDaniel VIII / Fisuras en la academia: los talleres del Obrar. p. 130 | |
| 505 | 0 | _aIgnacio Rios de Olano / Chiloé en Papel. p. 133 | |
| 505 | 0 | _tFRAGMENTOS - Disquisiones | |
| 505 | 0 | _aRafael E. J Iglesia / La Iglesia y la Carpa. p. 134 | |
| 505 | 0 | _aRoberto Fernández / América según Rugendas: cronista del paisaje social. p. 139 | |
| 505 | 0 | _aMario Sabugo / Firpo, Dempsey y el Faro del Barolo: primer round. p. 142 | |
| 505 | 0 | _aPablo Güiraldes / La medida de los sustentable. p. 144 | |
| 650 | _aArquitectura contemporánea | ||
| 773 | 0 |
_aSumma+ _dBuenos Aires, Argentina _gNº115 (jun-2011), p. 144 _x0327-9022 |
|
| 908 | _aImp | ||
| 942 |
_2udc _cART |
||
| 945 |
_aMBP _d2022-07-08 |
||
| 980 |
_8138 _gCarolina Rainero _6138 _aCarolina Rainero |
||
| 999 |
_c12227 _d12227 |
||